000 00425nam a2200145 i 4500
001 bg
100 1 _aOSTROWSKI, Tomasz
245 0 _aWybuchy pyłów w przemyśle /
_cTomasz Ostrowski.
260 _aWarszawa,
_c1980.
040 _cBPK
041 _apol
942 _cKS
008 s pl f |000 0 pol
856 _uhttp://koha.tu.koszalin.pl/cgi-bin/koha/opac-detail.pl?biblionumber=21826
_yKatalog online BPK
999 _c21826
_d21826